000 01381nam a22003617a 4500
003 CHAP
005 20220329143454.0
008 091201s2009 mx r 00010 spa d
010 _a97169
011 _a98141
035 _a108824
040 _cCHAP
090 _aTesis
100 1 _aMartínez Domínguez, Diego.
_971995
245 1 3 _aEl efecto de remesas de EE. UU. en el bienestar de los habitantes de Santo Domingo Tepuxtepec Mixe, Oax.
_c/por Diego Martínez Domínguez
260 _aChapingo, Méx. :
_bEl autor,
_c2009
300 _av, 104 h. :
_bcuadros, gráfs. , mapas
502 _aTesis (Lic. en Estadistica) -- UACH. División de Ciencias Forestales
590 _aALEPH
_b10
_c20130110
_lUCH01
_h1531
590 _aBATCH-UPD
_b10
_c20130110
_lUCH01
_h0853
590 _aBATCH-UPD
_b10
_c20130410
_lUCH01
_h0524
590 _aBATCH-UPD
_b10
_c20130914
_lUCH01
_h1148
590 _aCONVERSION
_b10
_c20130109
_lUCH01
_h1354
650 1 4 _aDesarrollo de la comunidad rural
_zOaxaca.
_932043
650 1 4 _aMigración rural.
_975609
650 1 4 _aPobreza.
_989463
650 1 4 _aTrabajadores migratorios
_xOaxaca.
_9114476
650 1 4 _aTrabajo y trabajadores
_xE.U.A.
_9114521
901 _aBK
942 _cFOLL
949 _aTesis
_bBC
_cTES
_d33724002132801
_eTS1
_gDonaciØn
_h49772
_i108824
_sb
949 _aTesis
_bBC
_cTES
_d33724002133579
_eTS2
_fc.2
_gdonaciØn
_h49773
_i108824
_sb
999 _c97169
_d97169